000 00645nam a22001817a 4500
005 20251108172901.0
008 250721s2004 xx 000 0 ara d
082 1 4 _a922.18/ حري
100 1 _aالحريري، محمد فتحي راشد
_eمؤلف
245 1 0 _aالشيخ سعد الدين الجباوي : سيرته و طريقته السعدية /
264 1 _aدمشق :
_bدار الصديق للطياعه و النشر و التوزيع،
_c2004.
300 _a80ص.
650 1 7 _aالفقهاء المسلمون
650 1 7 _aالصوفيون
650 1 7 _aالتصوف الإسلامي
942 _2ddc
_cBK
999 _c90866
_d90866